| 000 | 00602nam a2200169Ia 4500 | ||
|---|---|---|---|
| 008 | 151213s9999 xx 000 0 und d | ||
| 020 | _a984-832499-6 | ||
| 100 | _aঅ্ৈদ্বত মল্লবর্মণ | ||
| 245 |
_aতিতাস একাটি নদীর নাম _cঅ্ৈদ্বত মল্লবর্মণ |
||
| 250 | _a১ম সং | ||
| 260 |
_aঢাকা _bতোফাজ্জল হোসেন _c2010 |
||
| 300 | _a8346 p. | ||
| 650 | _aBangla | ||
| 650 | _aউপন্যাস | ||
| 700 | _aঅ্ৈদ্বত মল্লবর্মণ | ||
| 999 |
_c4186 _d4186 |
||